Rules of thumb : a guide for writers

This handbook is developed around students' real writing needs, offering advice on the writing and research process, as well as specific guidance on punctuation, mechanics, usage and a wide variety of common assignments.

Guardado en:
Detalles Bibliográficos
Autor principal: Silverman, Jay
Formato: Libro
Lenguaje:Undetermined
Publicado: Boston Higher education 2006
Materias:
Etiquetas: Agregar Etiqueta
Sin Etiquetas, Sea el primero en etiquetar este registro!
Thư viện lưu trữ: Trung tâm Học liệu Trường Đại học Cần Thơ
LEADER 00897nam a2200217Ia 4500
001 CTU_187305
008 210402s9999 xx 000 0 und d
082 |a 808.042 
082 |b S587 
100 |a Silverman, Jay 
245 0 |a Rules of thumb : 
245 2 |b a guide for writers 
245 0 |c Jay Silverman, Elaine Hughes, Diana Roberts Weinbroer 
260 |a Boston 
260 |b Higher education 
260 |c 2006 
520 |a This handbook is developed around students' real writing needs, offering advice on the writing and research process, as well as specific guidance on punctuation, mechanics, usage and a wide variety of common assignments. 
650 |a English language,Tiếng Anh 
650 |x Grammar,Handbooks, manuals, etc.,Ngữ pháp,Sổ tay, hướng dẫn sử dụng, vv 
904 |i Qhieu 
980 |a Trung tâm Học liệu Trường Đại học Cần Thơ